| 000 | 00703nam a2200193 i 4500 | ||
|---|---|---|---|
| 001 | 42528 | ||
| 003 | ES-MaACL | ||
| 005 | 20230906160629.0 | ||
| 007 | t| | ||
| 008 | 030404s1884 fr |||| | fre d | ||
| 100 | 1 |
_aBarrois, Charles. _926037 |
|
| 245 | 1 | 3 |
_aSur les ardoises áa Nereites de Bourg d'Oueil (Haute-Garonne) / _cpar Ch. Barrois. |
| 260 |
_aLille : _b[s.n., _c1884] ( _fImp. Liégeoix-Six) |
||
| 300 |
_ap. [219]-228 [1] h. pleg. de lám. ; _c23 cm. |
||
| 500 | _aExtrait des Annales de la Société Géologique du Nord. T.XI, p. 219, séance du 2 Avril 1884. | ||
| 500 | _aEjemplar sin port., datos tomados de la p. 219. | ||
| 650 | 4 |
_aPizarra. _9164970 |
|
| 852 |
_aES-MaACL _jT-910-F-4 |
||
| 999 |
_c42528 _d42528 |
||